Digitális világ hatása a Z generáció szocializálódására
| Szerző: | |
|---|---|
| További közreműködők: | |
| Dokumentumtípus: | Diplomadolgozat |
| Kulcsszavak: | digitalizált kapcsolatok generáció internet közösség Z generáció |
| Online Access: | http://dolgozattar.uni-bge.hu/59538 |
MARC
| LEADER | 00000nta a2200000 i 4500 | ||
|---|---|---|---|
| 001 | dolg59538 | ||
| 005 | 20260409145213.0 | ||
| 008 | 260409suuuu hu om 000 hun d | ||
| 040 | |a BGE Dolgozattár Repozitórium |b hun | ||
| 041 | |a hu | ||
| 100 | 1 | |a Nagy Izabel | |
| 245 | 1 | 0 | |a Digitális világ hatása a Z generáció szocializálódására |c Nagy Izabel |h [elektronikus dokumentum] |
| 520 | 3 | |a Szakdolgozatom a Z generáció digitális térben történő szocializációját vizsgálja, különös tekintettel arra, hogyan befolyásolja ez a folyamat a kapcsolati tőke alakulását. A téma aktualitását a technológiai fejlődés, valamint a közösségi média mindennapi életre gyakorolt hatása adja. A személyes érintettségem révén célom mélyebb megértést nyerni az online és offline közösségi kapcsolatok közötti összefüggésekről. A dolgozat bemutatja, hogyan alakítják át a virtuális közösségek a hagyományos szocializációs formákat, és milyen új lehetőségeket kínálnak az identitás, támogatás és kapcsolódás terén. A kutatás hozzájárul a digitális szocializáció és a társadalmi tőke kapcsolatának mélyebb megértéséhez. | |
| 695 | |a digitalizált kapcsolatok | ||
| 695 | |a generáció | ||
| 695 | |a internet | ||
| 695 | |a közösség | ||
| 695 | |a Z generáció | ||
| 700 | 1 | |a Joós Tamás |e ths | |
| 856 | 4 | 0 | |u http://dolgozattar.uni-bge.hu/59538/1/Nagy_Izabel_FLCOAT_Szakdolgozat.pdf |z Dokumentum-elérés |
| 856 | 4 | 0 | |u http://dolgozattar.uni-bge.hu/59538/2/Nagy%20Izabel%20konzulensi%20%C3%A9rt%C3%A9kel%C3%A9s.pdf |z Dokumentum-elérés |
| 856 | 4 | 0 | |u http://dolgozattar.uni-bge.hu/59538/3/NagyIzabella.pdf |z Dokumentum-elérés |